| 000 | 00685cam a2200241 4500500 | ||
|---|---|---|---|
| 005 | 20260329004711.0 | ||
| 041 | _afre | ||
| 042 | _adc | ||
| 100 | 1 | 0 |
_aPortevin, Catherine _eauthor |
| 245 | 0 | 0 | _aPendant que j’y pense/Novembre 2020 |
| 260 | _c2020. | ||
| 500 | _a86 | ||
| 690 | _aCovid | ||
| 690 | _aCovid-19 | ||
| 690 | _aFoi | ||
| 690 | _aFrédéric Keck | ||
| 690 | _aFrédéric Worms | ||
| 690 | _aincertitude | ||
| 690 | _aJean-Luc Nancy | ||
| 690 | _aVirus | ||
| 786 | 0 | _nPhilosophie magazine | 144 | 11 | 2020-11-01 | p. 73-73 | 1951-1787 | |
| 856 | 4 | 1 | _uhttps://shs.cairn.info/magazine-philosophie-magazine-2020-11-page-73?lang=fr&redirect-ssocas=7080 |
| 999 |
_c1836392 _d1836392 |
||